| 000 | 00418cam a2200157ua 4500 | ||
|---|---|---|---|
| 041 |
_aeng _h |
||
| 082 |
_a306 _bELL/MA |
||
| 100 | _aElsworth, Huntington . | ||
| 245 |
_aMainsprings of civilization / _cHuntington Elsworth. _hTextual Documents |
||
| 250 |
_a1 / _b. |
||
| 260 |
_a : _bThe new American library of world literature , _c1959. |
||
| 300 | _a669 ; . | ||
| 504 | _a | ||
| 942 | _cBK | ||
| 999 |
_c2305 _d2305 |
||